000 00503nam a22001817a 4500
003 CEME
005 20210628203220.0
008 210203b xxu||||| |||| 00| 0 eng d
020 _a9780170180474
040 _c.
082 _a510 DIC
100 _aDickman, Greg
_964034
245 _aGeneral mathematics for foundation studies for swinburne university
260 _aAUSTRILIA
_bCENGAGE LEARNING
_c2008
300 _a183P
650 _aGENERAL MATHEMATICS. , MATHEMATICS.
_964035
942 _cBK
_2ddc
999 _c572680
_d572680